000 00331nam a22001577a 4500
003 OSt
008 210914b ||||| |||| 00| 0 eng d
020 _a9788175994140
082 _a335.41
_bMAC
100 _aMARX,Karl
245 _aCapital
250 _aRep
260 _bFingerprint
_c2021
300 _a1392
942 _2ddc
_cBK
999 _c10910
_d10910